Star Wars Episode III: Revenge of the Sith Title Crawl Words - Statistics

General Stats
  • This quiz has been taken 47 times
  • The average score is 19 of 48
Answer Stats
Answer % Correct
a
97%
The
81%
the
81%
the
81%
the
81%
the
81%
General
68%
War!
68%
Dooku.
59%
Count
54%
is
51%
is
51%
Palpatine,
51%
Republic
49%
Republic
49%
Chancellor
46%
Sith
46%
droid
43%
In
43%
Senate
41%
Galactic
38%
of
38%
under
38%
Lord,
35%
and
30%
leader,
30%
leader
30%
on
30%
are
27%
crumbling
27%
Evil
27%
move,
27%
attacks
24%
both
24%
heroes
24%
kidnapped
24%
sides.
24%
stunning
24%
There
24%
Grevious,
22%
has
22%
by
19%
everywhere.
19%
fiendish
19%
ruthless
19%
capital
11%
into
11%
swept
11%
No matching quizzes found
Score Distribution
Percent of People with Each Score
Percentile by Number Answered
Your Score History
You have not taken this quiz